[Event "CHI-ch"]
[Site "Santiago"]
[Date "2024.02.19"]
[Round "1"]
[White "Carrasco Miranda, Andres"]
[Black "Mondaca Gonzalez, Alfredo"]
[Result "1-0"]
[WhiteElo "2234"]
[BlackElo "1751"]
[PlyCount "79"]
[EventDate "2024.02.19"]
[EventType "swiss"]
[EventRounds "11"]
[EventCountry "CHI"]
[SourceTitle "CB09_2024"]
[SourceDate "2024.02.28"]
[SourceVersion "1"]
[SourceVersionDate "2024.02.28"]
[SourceQuality "1"]

1. c4 c5 2. g3 Nc6 3. Bg2 e5 4. Nc3 g6 5. Nf3 Bg7 6. 0-0 d6 7. a3 a5 8. d3 Nge7 9. Ne1 Be6 10. Nd5 0-0 11. Bg5 f6 12. Bd2 Rb8 13. Bc3 Qd7 14. Nc2 b6 15. Nce3 Bh3 16. Qa4 Bxg2 17. Kxg2 Qb7 18. Kg1 Nd4 19. Bxd4 Nxd5 20. Nxd5 exd4 21. Qb5 Rf7 22. b4 Qd7 23. Qxd7 Rxd7 24. Rfb1 Rdb7 25. Rb2 b5 26. cxb5 Rxb5 27. a4 R5b7 28. b5 Kf7 29. Re1 f5 30. Rc2 g5 31. e4 dxe3 32. Nxe3 f4 33. Nc4 Rd7 34. Nxa5 Re8 35. Rxe8 Kxe8 36. Nc6 Rb7 37. Kg2 fxg3 38. fxg3 Bf6 39. Kf3 Kf7 40. Ra2 1-0

[Event "Temuco de la Frontera"]
[Site "Temuco"]
[Date "2022.01.09"]
[Round "9"]
[White "Mondaca Gonzalez, Alfredo"]
[Black "Andrade Mayorga, Rodolfo"]
[Result "1/2-1/2"]
[WhiteElo "1763"]
[BlackElo "1523"]
[PlyCount "44"]
[EventDate "2022.01.07"]
[EventType "tourn"]
[EventRounds "9"]
[EventCountry "CHI"]
[SourceTitle "CBM 206 Extra"]
[Source "ChessBase"]
[SourceDate "2022.03.31"]
[SourceVersion "1"]
[SourceVersionDate "2022.03.31"]
[SourceQuality "1"]

1. Nf3 Nf6 2. c4 Nc6 3. d4 d5 4. g3 e6 5. Bg2 Bd6 6. 0-0 0-0 7. c5 Be7 8. Nc3 Re8 9. Bf4 Nh5 10. Be3 f5 11. Qd2 Nf6 12. a3 Ne4 13. Qc2 a6 14. b4 Bf6 15. Rad1 Bd7 16. Bf4 b5 17. e3 Rf8 18. Ne5 Bxe5 19. Bxe5 Nxe5 20. dxe5 Nxc3 21. Qxc3 c6 22. f3 Qe7 1/2-1/2